000 00752nam a22002415i 4500
001 177455
003 ES-MaACL
005 20250824212333.0
008 110324s1964 sp |||| | spa d
080 _a330.8
100 1 _aHalm, George Nikolaus.
_961611
245 1 0 _aSistemas económicos /
_cGeorge N. Halm ; [traducción de Luis García de Diego].
250 _a[2ª ed. inglesa].
260 _aMadrid :
_bRialp,
_c1964.
300 _a450 p. ;
_c25 cm.
490 1 _aLibros de economía ;
_v1
500 _aÍndice.
650 4 _aEconomía comparada.
_9145847
700 0 _aGarcía de Diego, Luis.
_954420
830 0 0 _aLibros de economía (Rialp)
_v1
_9186981
852 _aES-MaACL
_jE-14711
_xOlim P-527-bis
999 _c177455
_d177455